000 00325nam a2200121Ia 4500
008 241028s9999 xx 000 0 und d
041 _aeng
082 _a338.5024658 SAM
100 _aSamuelson, Kar
245 _aManagerial Economics An Indian Adaptation
260 _bWiley India
_aNew Delhi
_c2022
300 _a528;. P. 25 cm
999 _c43012
_d43012